ALL JURASSIC FRANCHISE DINOSAURS - Statistics

General Stats
  • This quiz has been taken 244 times
    185 since last reset
  • The average score is 196 of 250
Answer Stats
movie/show Answer % Correct
camp cretaceous (season 2) | camp cretaceous (season 3) | camp cretaceous (season 4) | +10 others tyrannosaurus
100%
camp cretaceous (season 1) | camp cretaceous (season 2) | camp cretaceous (season 3) | +11 others velociraptor
98%
camp cretaceous (season 1) | camp cretaceous (season 2) | camp cretaceous (season 3) | +8 others brachiosaurus
92%
dominion | fallen kingdom | jurassic park | +3 others triceratops
92%
camp cretaceous (season 4) | camp cretaceous (season 5) | jurassic park III | rebirth spinosaurus
90%
camp cretaceous (season 4) | camp cretaceous (season 5) | dominion | +2 others dilophosaurus
88%
camp cretaceous (season 1) | jurassic world indominus rex
88%
fallen kingdom indoraptor
88%
battle at big rock | camp cretaceous (season 1) | camp cretaceous (season 3) | +5 others mosasaurus
88%
camp cretaceous (season 1) | camp cretaceous (season 2) | camp cretaceous (season 3) | +10 others ankylosaurus
87%
camp cretaceous (season 1) | camp cretaceous (season 2) | camp cretaceous (season 5) | +4 others carnotaurus
87%
battle at big rock | camp cretaceous (season 1) | camp cretaceous (season 2) | +12 others pteranodon
87%
battle at big rock | chaos theory (season 1) | chaos theory (season 3) | +2 others allosaurus
85%
battle at big rock | camp cretaceous (season 1) | camp cretaceous (season 2) | +10 others parasaurolophus
85%
camp cretaceous (season 2) | camp cretaceous (season 3) | camp cretaceous (season 5) | +5 others baryonyx
83%
battle at big rock | camp cretaceous (season 1) | camp cretaceous (season 2) | +10 others stegosaurus
83%
camp cretaceous (season 2) | camp cretaceous (season 3) | camp cretaceous (season 4) | +3 others ceratosaurus
81%
dominion | fallen kingdom | jurassic world | rebirth apatosaurus
79%
camp cretaceous (season 3) | camp cretaceous (season 5) | chaos theory (season 1) | +4 others dimorphodon
79%
camp cretaceous (season 3) | chaos theory (season 1) | chaos theory (season 2) | +6 others gallimimus
79%
dominion | the prologue giganotosaurus
77%
jurassic world | the lost world pachycephalosaurus
75%
dominion | rebirth | the prologue quetzalcoatlus
75%
battle at big rock | camp cretaceous (season 1) | camp cretaceous (season 2) | +10 others compsognathus
71%
camp cretaceous (season 1) | camp cretaceous (season 2) | camp cretaceous (season 3) | +5 others sinoceratops
71%
chaos theory (season 1) | chaos theory (season 2) | chaos theory (season 3) | dominion atrociraptor
69%
the lost world mamenchisaurus
67%
chaos theory (season 3) | dominion pyroraptor
67%
jurassic park III corythosaurus
65%
rebirth d rex
65%
rebirth mutadon
65%
dominion therizinosaurus
65%
rebirth titanosaurus
65%
dominion | the prologue iguanodon
63%
chaos theory (season 1) | chaos theory (season 2) | chaos theory (season 3) | +2 others stygimoloch
63%
camp cretaceous (season 4) | camp cretaceous (season 5) | chaos theory (season 2) | chaos theory (season 3) kentrosaurus
60%
chaos theory (season 3) | dominion lystrosaurus
60%
dominion | the prologue oviraptor
60%
dominion | the prologue dreadnoughtus
56%
dominion | the prologue moros
56%
battle at big rock | chaos theory (season 1) | chaos theory (season 2) | +3 others nasutoceratops
56%
dominion dimetrodon
54%
camp cretaceous (season 3) | chaos theory (season 2) | chaos theory (season 3) monolophosaurus
54%
camp cretaceous (season 3) scorpios rex
54%
camp cretaceous (season 3) ouranosaurus
50%
chaos theory (season 1) | chaos theory (season 2) | chaos theory (season 3) suchomimus
50%
dominion microceratus
48%
rebirth aquilops
46%
camp cretaceous (season 4) smilodon
44%
camp cretaceous (season 5) nothosaurus
42%
camp cretaceous (season 4) | camp cretaceous (season 5) spinoceratops
42%
chaos theory (season 2) majungasaurus
40%
chaos theory (season 1) | chaos theory (season 2) | chaos theory (season 3) pachyrhinosaurus
37%
chaos theory (season 1) becklespinax
35%
rebirth anurognathus
21%
No matching quizzes found
Score Distribution
Percent of People with Each Score
Percentile by Number Answered
Your Score History
You have not taken this quiz since the last reset